Catálogo
 En Linea

El Fundamento de los derechos humanos / (Registro nro. 13652)

Detalles MARC
000 -CABECERA
campo de control de longitud fija 00992cam a2200277 a 4500
001 - NÚMERO DE CONTROL
campo de control 000014050
005 - FECHA Y HORA DE LA ÚLTIMA TRANSACCIÓN
campo de control 20240411202003.0
008 - DATOS DE LONGITUD FIJA--INFORMACIÓN GENERAL
campo de control de longitud fija 891103s1989 sp b 000 0 spa
020 ## - NÚMERO INTERNACIONAL ESTÁNDAR DEL LIBRO
Número Internacional Estándar del Libro 8474443377
035 ## - NÚMERO DE CONTROL DEL SISTEMA
Número de control de sistema (DLC) 89203464
040 ## - FUENTE DE LA CATALOGACIÓN
Centro catalogador/agencia de origen DO-SdBNP
Lengua de catalogación spa
Centro/agencia transcriptor BNPHU
Centro/agencia modificador DLC
082 ## - NÚMERO DE LA CLASIFICACIÓN DECIMAL DEWEY
Número de clasificación 323
Número de documento/Ítem F981d
049 ## - FONDOS LOCALES (OCLC)
Fondos de biblioteca BNPHU
245 03 - MENCIÓN DE TÍTULO
Título El Fundamento de los derechos humanos /
Mención de responsabilidad, etc. Javier Muguerza y otros ; edición preparada por Gregorio Peces-Barba Martínez.
260 ## - PUBLICACIÓN, DISTRIBUCIÓN, ETC.
Lugar de publicación, distribución, etc. Madrid :
Nombre del editor, distribuidor, etc. Debate,
Fecha de publicación, distribución, etc. c1989.
300 ## - DESCRIPCIÓN FÍSICA
Extensión 346 p. ;
Dimensiones 23 cm.
490 1# - MENCIÓN DE SERIE
Mención de serie Universitaria
-- derecho
504 ## - NOTA DE BIBLIOGRAFÍA, ETC.
Nota de bibliografía, etc. Incluye referencias bibliográficas y notas al pie de las páginas.
650 #0 - PUNTO DE ACCESO ADICIONAL DE MATERIA--TÉRMINO DE MATERIA
Término de materia o nombre geográfico como elemento de entrada Derechos humanos
9 (RLIN) 658
650 #4 - PUNTO DE ACCESO ADICIONAL DE MATERIA--TÉRMINO DE MATERIA
Término de materia o nombre geográfico como elemento de entrada Filosofía del derecho
9 (RLIN) 1175
650 #4 - PUNTO DE ACCESO ADICIONAL DE MATERIA--TÉRMINO DE MATERIA
Término de materia o nombre geográfico como elemento de entrada Derechos civiles
Subdivisión geográfica España
9 (RLIN) 31830
700 1# - PUNTO DE ACCESO ADICIONAL--NOMBRE DE PERSONA
Nombre de persona Muguerza, Javier.
9 (RLIN) 31831
700 1# - PUNTO DE ACCESO ADICIONAL--NOMBRE DE PERSONA
Nombre de persona Peces-Barba Martínez, Gregorio,
Fechas asociadas al nombre 1938-
Término indicativo de función/relación ed.
9 (RLIN) 31832
830 #0 - PUNTO DE ACCESO ADICIONAL DE SERIE-TÍTULO UNIFORME
Título uniforme Universitaria ;
Nombre de parte o sección de la obra Derecho.
9 (RLIN) 31833
910 ## - DATOS DE OPCIÓN DEL USUARIO (OCLC)
Datos de opción del usuario Catalogación por copia / LC
999 ## - NÚMEROS DE CONTROL DE SISTEMA (KOHA)
-- 0000169
Existencias
Estado de retiro Estado de pérdida Restricciones de uso No para préstamo Código de colección Localización permanente Ubicación/localización actual Ubicación en estantería Fecha de adquisición Número de inventario Total de préstamos Signatura topográfica completa Código de barras Fecha visto por última vez Precio válido a partir de Tipo de ítem Koha
    Préstamo interno   Monografías: Libros y Folletos General General En catalogación 02.12.2009 LF1   323 F981d 14050-10 25.06.2020 25.06.2020 Préstamo interno

Con tecnología Koha